Nacimientos (Record no. 175532)

MARC details
000 -LEADER
campo de control de longitud fija 00910nam a2200253 i 4500
001 - NÚMERO DE CONTROL
campo de control 175532
003 - IDENTIFICADOR DE NÚMERO DE CONTROL
campo de control ES-MaACL
005 - FECHA Y HORA DE LA ÚLTIMA TRANSACCIÓN
campo de control 20230906215838.0
007 - CAMPO FIJO DE DESCRIPCIÓN FÍSICA--INFORMACIÓN GENERAL
campo de control de longitud fija t|
008 - DATOS DE LONGITUD FIJA--INFORMACIÓN GENERAL
campo de control de longitud fija 101104s1951 sp a r ||||1| spa d
080 ## - NÚMERO DE LA CLASIFICACIÓN DECIMAL UNIVERSAL
Número de la Clasificación Decimal Universal 392.12(460)
245 00 - MENCIÓN DEL TÍTULO
Título Nacimientos
Resto del título : exposición celebrada en el Museo Nacional de Artes Decorativas /
Mención de responsabilidad, etc. introducción y notas de Pilar Ferrandis.
260 ## - PUBLICACIÓN, DISTRIBUCIÓN, ETC.
Lugar de publicación, distribución, etc. Madrid :
Nombre del editor, distribuidor, etc. Afrodisio Aguado,
Fecha de publicación, distribución, etc. imp. 1951.
300 ## - DESCRIPCIÓN FÍSICA
Extensión 73, 51 p. de lám. bl. y n. :
Otras características físicas il. bl. y n. ;
Dimensiones 19 cm.
490 1# - MENCIÓN DE SERIE
Mención de serie Artes decorativas en España ;
Designación de volumen o secuencia 4
504 ## - NOTA DE BIBLIOGRAFÍA, ETC.
Nota de bibliografía, etc. Bibliografía: p. 73.
650 #4 - PUNTO DE ACCESO ADICIONAL DE MATERIA--TÉRMINO DE MATERIA
Término de materia o nombre geográfico como elemento de entrada Belenes-
Subdivisión geográfica España-
Subdivisión general Exposiciones.
9 (RLIN) 143833
655 #7 - TERMINO DE INDIZACIÓN--GENERO/FORMA
Fuente del término tgfbne
9 (RLIN) 193628
Datos o término principal de género/forma Catálogos de exposiciones
700 0# - ENTRADA AGREGADA--NOMBRE PERSONAL
Nombre de persona Ferrandis, Pilar.
9 (RLIN) 143832
830 0# - PUNTO DE ACCESO ADICIONAL DE SERIE-TÍTULO UNIFORME
Título uniforme Artes decorativas en España ;
Designación de volumen o secuencia 4
9 (RLIN) 189805
852 ## - LOCALIZACIÓN
Ubicación ES-MaACL
Número de control de estantería E-13429
Encuadernación Olim P-957
942 ## - ELEMENTOS DE ENTRADA SECUNDARIOS (KOHA)
Fuente del sistema de clasificación o colocación Clasificación decimal universal
Holdings
Estatus retirado Estado de pérdida Estado de daño No para préstamo Biblioteca de origen Biblioteca actual Ubicación en estantería Fecha de adquisición Fuente de adquisición Total de préstamos Signatura topográfica completa Código de barras Visto por última vez Precio de reemplazo Tipo de ítem Koha
        Biblioteca del Ateneo de Madrid Biblioteca del Ateneo de Madrid Depósito 2 04/11/2010     E-13429 1184309 23/02/2023 23/02/2023 Libro impreso